000 00528nam a2200181Ia 4500
005 20250326142534.0
008 250326s9999 xx 000 0 und d
037 _aTextbook
040 _aFMSL
_beng
_cFMSL
041 _aeng
_2eng
084 _qFMSL
100 _aBozeman Barry
_9439494
245 0 _aPublic management strategies : Gudielines gor managerial effectiveness.
_cBozeman Barry; Straussman J D
260 _aOxford
_bOxford, Jossey Bass.
_c1990
300 _a239p
942 _cTB
999 _c1295506
_d1295506